000 01201nam a2200217Ia 4500
999 _c39428
_d39428
001 6019
003 GE_BSU
005 20190925155456.0
008 181216s1992||||ge |||||||||||||| ||geo||
040 _cGE_BSU
041 _ageo
080 _a821.353.1-31 ა-20
100 _aაბუსერისძე, ტბელ
_94320
245 _aგალობანი წმიდათა იოვანეთა :
_bნათლისმცემლისა, მახარებლისა და ოქროპირისა /
_cგამოსაცემად მოამზადა, გამოკლვლევა, ლექსიკონი და კომენტარები დაურთო რამაზ ხალვაშმა.
264 _aბათუმი :
_bაჭარა ;
_c1992.
300 _a45 გვ. ;
_c20 სმ.
653 _aგალობანი წმიდათა იოვანეთა
653 _aნათლისმცემლისა, მახარებლისა და ოქროპირისა
700 _aხალვაში, რამაზ
_eგამომცემელი
_92151
942 _cBK
_2udc